| 000 | 00702cam a22002413a 4500 | ||
|---|---|---|---|
| 001 | 17939 | ||
| 003 | PGUSA | ||
| 005 | 20140828083400.0 | ||
| 008 | 060306s2006||||xxu|||||s|||||000 | eng d | ||
| 040 |
_aPGUSA _beng |
||
| 042 | _adc | ||
| 050 | 4 | _aBX | |
| 100 | 1 |
_aHolmes, John Haynes, _d1879-1964 |
|
| 245 | 1 | 2 |
_aA Statement : _bOn the Future of This Church _h[electronic resource] / _cJohn Haynes Holmes |
| 260 |
_bProject Gutenberg, _c2006 |
||
| 506 | _aPublic domain in the USA. | ||
| 516 | _aElectronic text | ||
| 653 | _aSermons, American | ||
| 653 | _aUnitarian churches -- Sermons | ||
| 830 | 0 |
_aProject Gutenberg _v17939 |
|
| 856 | 4 | 0 | _uhttp://www.gutenberg.org/ebooks/17939 |
| 942 | _cEB | ||
| 999 |
_c247194 _d247194 |
||